00453nam a22001577a 450000500170000001000130001702000260003003500130005603700100006908200080007910000250008724500520011226000330016427000690019730000290026620110906103618.0 aG-001256 a9788174821126c105.00 aG-001256 bGift  a485 aGoyal, Brij Kishore  aUpkar's modern essays /cby Brij Kishore Goyal  aAgrabUpkar Prakashan c201? a4840/24, Govind Lane, Ansari Raod, DaryaganjbNew Delhi e110002 aviii, 255p. c23cm(pbk)